O meu primeiro livro de astronomia (Registo nº 604)

Detalhes MARC
000 -Etiqueta do registo
Cabeçalho 00964cam a2200337 4500
005 - Identificador da versão
Campo de controlo 20240822153035.0
010 ## - Número internacional normalizado dos livros (ISBN)
Número (ISBN) 9726623073
021 ## - Número do Depósito Legal
Código do país PT
Número 68237/93
035 ## - Other System Control Numbers
System Control Number 0000631
System Control Number 0000627
System Control Number 0000627
System Control Number 0000615
100 ## - Dados gerais de processamento
Dados gerais de processamento 19931007d1993 m y0pory5003 ba
101 1# - Língua de publicação
Língua do texto, banda sonora, etc. Português
Língua do documento no original Inglês
102 ## - Pais de publicação ou produção
País de publicação Portugal
105 ## - Campo de dados codificados: livros
Dados codificados dos livros a z 001yy
106 ## - Campo de dados codificados: material textual
Dados codificados do material textual r
200 1# - Titulo e menção de responsabilidade
Título próprio O meu primeiro livro de astronomia
Informação de outro título um guia diário para todas as noites
Primeira menção de responsabilidade Jamie Jobb
Outras menções de responsabilidade trad. Máximo Ferreira
-- il. Linda Bennett
205 ## - Menção da edição
Menção da edição 1ª ed
210 ## - Publicação, Distribuição, etc. 
Lugar da edição, distribuição, etc. Lisboa
Nome do editor, distribuidor, etc. Gradiva
Data da publicação, distribuição, etc. 1993
215 ## - Descrição física 
Indicação específica da natureza do documento e extensão da espécie 135 p.
Outras indicações físicas il.
Dimensões 25 cm
Material acompanhante 1 disco em bolsa de resguado
225 2# - Colecção 
Título próprio da colecção Gradiva júnior
304 ## - Notas relativas a título e menção de responsabilidade 
Texto da nota Tít. orig.: The night sky book
675 ## - Classificação Decimal Universal (CDU)
Notação 523
Edição BN
Língua da edição por
Edição BN
Língua da edição por
Notação 524
Edição BN
Língua da edição por
Edição BN
Língua da edição por
700 #1 - Nome de autor-pessoa física (responsabilidade principal)
Número de registo de entrada de autoridade 0000724
Palavra de ordem Jobb
Outra parte do nome não tomada para palavra de ordem Jamie
702 #1 - Nome de autor-pessoa física (responsabilidade secundária)
Número de registo de entrada de autoridade 0000725
Palavra de ordem Ferreira
Outra parte do nome não tomada para palavra de ordem Máximo
Código de função Tradutor
Número de registo de entrada de autoridade 0000726
Palavra de ordem Bennett
Outra parte do nome não tomada para palavra de ordem Linda
Código de função Ilustrador / Técnico de desenho computorizado
942 ## - Elementos de entrada adicionados (Koha)
Tipo de item no Koha Livro
Exemplares
Situação do levantamento Origin of item (home branch) (coded) Biblioteca de empréstimo Código de barras Cota Circulation type (not for loan) Tipo de documento Nota do exemplar Damaged status
  Biblioteca Escolar Eng. Nuno Mergulhão Biblioteca Escolar Eng. Nuno Mergulhão BENM962 524 JOB   Livro Sem mensagem  
  Biblioteca Escolar Eng. Nuno Mergulhão Biblioteca Escolar Eng. Nuno Mergulhão BENM3056 524 JOB   Livro Sem mensagem